Linux extra 1. časť

Bibliographic Details
Main Author: Oravec, Miroslav (Author)
Format: Article
Language:Slovak
PhysicalDescription:Sch., tab.
ISSN:1335-4787
Subjects:

MARC

LEADER 00000nab a2200000 a 4500
001 vtls008159228
003 SK-MaSNL
005 20260304144922.0
008 250505c2005 xo mr|p|||||||000 b|slo
015 |a SNBRB2005/06  |2 snkbucl 
035 |a (sysno)vtls008159228 
035 |a urn:nbn:sk:snk-ab6hxa 
035 |a (uuid)452d296f-4529-4acd-b6a5-b77f9f52af2e 
035 |a (urnnbn)urn:nbn:sk:snk:ar-0038rh 
038 |a SNKBUCL 
040 |a SNKBUCL  |b slo  |c SNKBUCL  |e AACR2 
041 0 |a slo 
044 |a xo  |c SK 
080 |a 004.326.1  |2 1981 
080 |a 004.451.9Linux  |2 1981 
100 1 |a Oravec, Miroslav  |4 aut  |9 593256 
245 1 0 |a Linux extra  |n 1. časť  |c Miroslav Oravec 
300 |b Sch., tab. 
630 0 7 |a Linux  |2 snkbucl  |9 1422444 
650 0 7 |a počítače  |2 snkbucl  |9 2027 
650 0 7 |a elektronické zariadenia  |2 snkbucl  |9 3625 
650 0 7 |a počítačové pripojenie  |2 snkbucl  |9 1458719 
650 0 7 |a porty  |2 snkbucl  |9 119609 
773 0 |t Infoware  |g Č. február (2005), s. 32-33  |x 1335-4787 
850 |a Slovenská národná knižnica 
852 |a Slovenská národná knižnica 
954 |a odborná, vedecká literatúra pôvodná (slovenská)  |2 lita 
958 |a article2022 
958 |a OND 
958 |a EUIPO 
999 |c 2933890  |d 2935820